Normal view
MARC view
- احمد عبادة سرحان،صلاح الدين طلبه،فاروق عبد العظيم احمد
Entry Personal Name
001 - CONTROL NUMBER
- control field: 13370
003 - CONTROL NUMBER IDENTIFIER
- control field: JO-AjAnu
005 - DATE AND TIME OF LATEST TRANSACTION
- control field: 20230606072435.0
008 - FIXED-LENGTH DATA ELEMENTS
- fixed length control field: 230606|| aca||aabn | a|a d
040 ## - CATALOGING SOURCE
- Original cataloging agency: JO-AjAnu
- Transcribing agency: JO-AjAnu
100 ## - HEADING--PERSONAL NAME
- Personal name: احمد عبادة سرحان،صلاح الدين طلبه،فاروق عبد العظيم احمد
670 ## - SOURCE DATA FOUND
- Source citation: Work cat.: (JO-AjAnu)6880: احمد عبادة سرحان،صلاح الدين طلبه،فاروق عبد العظيم احمد, author, الاحصاء